K hodnoteniu predpokladov ekonomiky Slovenska a ostatných transformujúcich sa krajín pre integráciu do Európskej únie

Vyrovnávanie ekonomickej úrovne transformujúcich sa ekonomík s krajinami Európskej únie. Rozdiely v oceňovaní výkonov a výkonnosti ekonomík transformujúcich sa krajín. Súvislosti medzi úrovňou hrubého domáceho produktu pred liberalizáciou a mierou znehodnotenia meny po liberalizácii. Stabilizácia ra...

Descrizione completa

Salvato in:
Dettagli Bibliografici
Autore principale: Němec, Jaroslav
Altri autori: Prachár, Ivan
Natura: Capitolo di libro
Lingua:slovacco
Soggetti:
Tags: Aggiungi Tag
Nessun Tag, puoi essere il primo ad aggiungerne!!

MARC

LEADER 00000naa a2200000 4500
001 r034384
005 20230929072247.1
041 0 |a slo 
044 |a SK 
245 1 0 |a K hodnoteniu predpokladov ekonomiky Slovenska a ostatných transformujúcich sa krajín pre integráciu do Európskej únie  |c Jaroslav Němec, Ivan Prachár 
520 |a Vyrovnávanie ekonomickej úrovne transformujúcich sa ekonomík s krajinami Európskej únie. Rozdiely v oceňovaní výkonov a výkonnosti ekonomík transformujúcich sa krajín. Súvislosti medzi úrovňou hrubého domáceho produktu pred liberalizáciou a mierou znehodnotenia meny po liberalizácii. Stabilizácia rastu ako predpoklad vyrovnávania ekonomickej úrovne. 
610 2 0 |a integrácia ekonomická medzinárodná 
610 2 0 |a Európska únia 
610 2 0 |a Slovensko 
610 2 0 |a SVE 
610 2 0 |a výkonnosť 
610 2 0 |a produkt domáci hrubý 
610 2 0 |a rast hospodársky 
610 2 0 |a liberalizácia 
100 1 |a Němec, Jaroslav 
700 1 |a Prachár, Ivan